- México.
Entry Nombre Corporativo
001 - NÚMERO DE CONTROL
- campo de control: 44381
003 - IDENTIFICADOR DE NUMERO DE CONTROL
- campo de control: UPN
005 - FECHA Y HORA DE LA ÜLTIMA TRANSACCIÓN
- campo de control: 20250825124209.0
008 - DATOS DE LONGITUD FIJA
- campo de control de longitud fija: 220509|| azn||aabn | a|a d
010 ## - NÚMERO DE CONTROL DE LA BIBLIOTECA DEL CONGRESO
- LC control number: n 81027858
035 ## - NÚMERO DE CONTROL
- Número de control: (OCoLC)oca00573600
040 ## - FUENTE DE CATALOGACIÓN
- Agencia original de catalogación: DLC
- Lenguaje de catalogación: spa
- Agencia transcribe: DLC
- Agencia modificadora: DLC
- Agencia modificadora: InU
- Agencia modificadora: CSt
- Agencia modificadora: IEN
- Agencia modificadora: DLC
110 1# - ENCABEZAMIENTO - NOMBRE CORPORATIVO
- Nombre corporativo o de jurisdicción como elemento de entrada : México.
- Unidad subordinada: Secretaría de Educación Pública
410 2# - MENCIÓN DE REFERENCIA “VÉASE” – NOMBRE DE ENTIDAD CORPORATIVA
- Corporate name or jurisdiction name as entry element: Cultura S.E.P.
410 2# - MENCIÓN DE REFERENCIA “VÉASE” – NOMBRE DE ENTIDAD CORPORATIVA
- Corporate name or jurisdiction name as entry element: Cultura SEP
410 1# - MENCIÓN DE REFERENCIA “VÉASE” – NOMBRE DE ENTIDAD CORPORATIVA
- Corporate name or jurisdiction name as entry element: México.
- Subordinate unit: Departamento de Educación Pública
410 1# - MENCIÓN DE REFERENCIA “VÉASE” – NOMBRE DE ENTIDAD CORPORATIVA
- Corporate name or jurisdiction name as entry element: México.
- Subordinate unit: Educación Pública, Secretaría de
410 1# - MENCIÓN DE REFERENCIA “VÉASE” – NOMBRE DE ENTIDAD CORPORATIVA
- Corporate name or jurisdiction name as entry element: México.
- Subordinate unit: Education, Ministry of
410 1# - MENCIÓN DE REFERENCIA “VÉASE” – NOMBRE DE ENTIDAD CORPORATIVA
- Corporate name or jurisdiction name as entry element: México.
- Subordinate unit: Ministry of Education
410 1# - MENCIÓN DE REFERENCIA “VÉASE” – NOMBRE DE ENTIDAD CORPORATIVA
- Corporate name or jurisdiction name as entry element: México.
- Subordinate unit: Ministry of Public Education
410 1# - MENCIÓN DE REFERENCIA “VÉASE” – NOMBRE DE ENTIDAD CORPORATIVA
- Corporate name or jurisdiction name as entry element: México.
- Subordinate unit: Secretaría de Educación
410 2# - MENCIÓN DE REFERENCIA “VÉASE” – NOMBRE DE ENTIDAD CORPORATIVA
- Corporate name or jurisdiction name as entry element: S.E.P.
410 2# - MENCIÓN DE REFERENCIA “VÉASE” – NOMBRE DE ENTIDAD CORPORATIVA
- Corporate name or jurisdiction name as entry element: SEP
410 2# - MENCIÓN DE REFERENCIA “VÉASE” – NOMBRE DE ENTIDAD CORPORATIVA
- Corporate name or jurisdiction name as entry element: SEP-Cultura (Organización)
410 2# - MENCIÓN DE REFERENCIA “VÉASE” – NOMBRE DE ENTIDAD CORPORATIVA
- Corporate name or jurisdiction name as entry element: SEP Culture
510 1# - MENCIÓN DE REFERENCIA “VÉASE ADEMÁS”- NOMBRE DE ENTIDAD CORPORTATIVA
- Corporate name or jurisdiction name as entry element: México.
- Subordinate unit: Departamento Universitario y de Bellas Artes
670 ## - FUENTE EN LA QUE SE LOCALIZARON DATOS
- Cita de la fuente : Valadés, E. La muerte tiene permiso, 1983, c1955:
- Información localizada: portada (Secretaría de Educación Pública, Cultura SEP)
670 ## - FUENTE EN LA QUE SE LOCALIZARON DATOS
- Cita de la fuente : Corvián Martínez, V.E. Ciudad Victoria en 1922, 1984:
- Información localizada: página 4 de la cubierta (SEP Culture)
670 ## - FUENTE EN LA QUE SE LOCALIZARON DATOS
- Cita de la fuente : Museo de los museos, 1984 o 1985:
- Información localizada: portada (SEP-Cultura) página 222 (Secretaría de Educación Pública)
670 ## - FUENTE EN LA QUE SE LOCALIZARON DATOS
- Cita de la fuente : Educational development, Apr. 2001:
- Información localizada: portada (Secretaría de Educación Pública, Ministry of Public Education)
902 ## - CATALOGADOR
- Catalogador: NDAF/220509
